Epidemiologie der Sepsis 1986 im Universitätsklinikum Steglitz und Bedeutung der Elastase sowie der Serumbakterizidie für die Diagnostik und Verlauf /

Hlavní autor: Müller, Friedrich
Korporativní autor: Freie Universität Berlin
Jazyk: Němčina
Vydáno: Berlin : Friedrich Müller, 1992
Fyzický popis: 188 stran
Knihy
Uloženo v:
LEADER 00971nam a22002652i 4500
001 001521222
003 CZ BrMZK
005 20160816140806.0
007 ta
008 160414s1992 gw er|||||||||||ger d
040 |a BOA001  |b cze  |e rda 
100 1 |a Müller, Friedrich  |4 dis 
245 1 0 |a Epidemiologie der Sepsis 1986 im Universitätsklinikum Steglitz und Bedeutung der Elastase sowie der Serumbakterizidie für die Diagnostik und Verlauf /  |c von Friedrich Müller 
264 1 |a Berlin :  |b Friedrich Müller,  |c 1992 
300 |a 188 stran 
336 |a text  |b txt  |2 rdacontent 
337 |a bez média  |b n  |2 rdamedia 
338 |a svazek  |b nc  |2 rdacarrier 
502 |a Disertace--Freie Universität Berlin, 1992 
504 |a Obsahuje bibliografii 
710 2 |a Freie Universität Berlin  |7 kn20010710196  |4 isb 
910 |a BOA001  |b M2-0982.524 
990 |a BK 
991 |b 201604 
996 7 |b 2619156430  |c M2-0982.524  |l MZK  |r Sklad / do 24 hodin  |n 0  |w 001556658  |u 000010  |a 1  |e BOA001  |j MZK50  |s A